Faculty of Law Library — Cairo University

Official Online Catalog

التحكيم في العلاقات الخاصة الدولية و الداخلية : (Record no. 43324)

MARC details
000 -LEADER
fixed length control field 01470nam a2200313 i 4500
003 - CONTROL NUMBER IDENTIFIER
control field EG-GICUC
005 - DATE AND TIME OF LATEST TRANSACTION
control field 20260121101223.0
008 - FIXED-LENGTH DATA ELEMENTS--GENERAL INFORMATION
fixed length control field 251115s1998 ua ||||fr|||| 00| 0 ara d
040 ## - CATALOGING SOURCE
Original cataloging agency EG-GICUC
Language of cataloging ara
Transcribing agency EG-GICUC
Modifying agency EG-GICUC
Description conventions rda
041 0# - LANGUAGE CODE
Language code of text/sound track or separate title ara
082 04 - DEWEY DECIMAL CLASSIFICATION NUMBER
Edition number 21
Classification number 341.851
Item number م ص . ت
092 04 - LOCALLY ASSIGNED DEWEY CALL NUMBER (OCLC)
Edition number 21
099 ## - LOCAL FREE-TEXT CALL NUMBER (OCLC)
Classification number Law1 12 341.851 م ص . ت 1 ed - 1998
100 0# - MAIN ENTRY--PERSONAL NAME
Personal name مصطفى محمد الجمال
Relator term مؤلف.
245 12 - TITLE STATEMENT
Title التحكيم في العلاقات الخاصة الدولية و الداخلية :
Remainder of title قانون التحكيم التجاري المصري رقم 27 لسنة 1994 في ضوء القانون المقارن وقانون التجارة الدولي /
Statement of responsibility, etc. مصطفى محمد الجمال
250 ## - EDITION STATEMENT
Edition statement الطبعة الاولى
264 ## - PRODUCTION, PUBLICATION, DISTRIBUTION, MANUFACTURE, AND COPYRIGHT NOTICE
Place of production, publication, distribution, manufacture الإسكندرية :
Name of producer, publisher, distributor, manufacturer الفتح للطباعة والنشر،
Date of production, publication, distribution, manufacture, or copyright notice 1998.
300 ## - PHYSICAL DESCRIPTION
Extent 836 صفحة ;
Dimensions 24 سم.
336 ## - CONTENT TYPE
Source rda content
Content type term text
337 ## - MEDIA TYPE
Source rda media
Media type term Computer
338 ## - CARRIER TYPE
Source rda carrier
Carrier type term Online Resource
504 ## - BIBLIOGRAPHY, ETC. NOTE
Bibliography, etc. note يحتوي على ارجاعات ببليوجرافية<br/>يحتوي على قائمة بالمراجع
546 ## - LANGUAGE NOTE
Language note النص أغلبه باللغة العربية مع بعض النصوص الإنجليزية
650 1# - SUBJECT ADDED ENTRY--TOPICAL TERM
Topical term or geographic name entry element التحكيم - قانون دولي
700 ## - ADDED ENTRY--PERSONAL NAME
Personal name عكاشة محمد عبد العال.
Relator term مؤلف.
856 40 - ELECTRONIC LOCATION AND ACCESS
Uniform Resource Identifier <a href="https://fll.law.cu.edu.eg/fulltext/bks/B12-01080.pdf">https://fll.law.cu.edu.eg/fulltext/bks/B12-01080.pdf</a>
905 ## - Cataloger and Reviser Names
Cataloger Name: Rawan khaled
Revisor Name: Yara
942 ## - ADDED ENTRY ELEMENTS (KOHA)
Source of classification or shelving scheme Dewey Decimal Classification
Suppress in OPAC No
Koha item type Books
Edition 21
Holdings
Withdrawn status Lost status Source of classification or shelving scheme Damaged status Not for loan Collection Home library Current library Date acquired Total checkouts Full call number Barcode Date last seen Copy number Price effective from Koha item type
    Dewey Decimal Classification   Not for loan القانون الدولي الخاص جــــامعة القــاهرة مكتبة كلية الحقوق - المبنى الرئيسي 15.11.2025   Law1 12 341.851 م ص . ت 1 ed - 1998 1201080 C1 B12-01080 15.11.2025 1 15.11.2025 Books
    Dewey Decimal Classification     القانون الدولي الخاص جــــامعة القــاهرة مكتبة كلية الحقوق - المبنى الرئيسي 15.11.2025   Law1 12 341.851 م ص . ت 1 ed - 1998 1201081 C2 B12-01081 15.11.2025 2 15.11.2025 Books
    Dewey Decimal Classification     القانون الدولي الخاص جــــامعة القــاهرة مكتبة كلية الحقوق - المبنى الرئيسي 17.11.2025   Law1 12 341.851 م ص . ت 1 ed - 1998 1201420 C3 B12-01420 17.11.2025 3 17.11.2025 Books

© All rights reserved — Faculty of Law, Cairo University